| 000 | 00861 a2200229 4500 | ||
|---|---|---|---|
| 003 | OSt | ||
| 005 | 20230320100607.0 | ||
| 008 | 220428s2018 mx a||||r|||| 00| 0 spa d | ||
| 020 | _a9786079529192 | ||
| 040 | _cCHAP | ||
| 090 | _aFolleto 14933 | ||
| 100 | 1 |
_9128597 _aÁlvarez Hernández, Rogelio |
|
| 245 | 1 | 0 |
_aFertilidad de los suelos en sistemas agrícolas con Metepantle en Tepetlaoxtoc, Estado de México _cpor Rogelio Álvarez Hernández y Miriam Galán Reséndiz. |
| 264 | 1 |
_aChapingo, Méx. : _bUACH. Centro de Investigación en Agricultura Orgánica, _c2018. |
|
| 300 |
_a27 páginas. _bcuadros, figuras. |
||
| 504 | _aIncluye literatura citada. | ||
| 650 | 2 |
_9133360 _aSuelos _xNutrición |
|
| 650 | 2 |
_9110367 _aSuelos _xFertilidad |
|
| 650 | 0 |
_9143929 _aSistemas agrícolas |
|
| 700 | 1 |
_9129542 _aGalán Resendiz, Miriam |
|
| 942 |
_2ddc _cFolleto |
||
| 999 |
_c209232 _d209232 |
||